00477 2200193 4500001002100000005001500021035002000036008004100056245005600097100002300153250000600176260002900182300001200211084001400223082000800237650001400245990001200259990001200271INLIS00000000000006720240502103752 a0010-0424000043240502 0 ind 1 aGeografi Peminatan Ilmu Sosial /cEko Sapto Nugroho aSapto Nugroho, Eko a1 aSolo :bMediatama,c2006 a288 hlm a900 EKO g a900 4aNon Fiksi a0737313 a0737314